Visioni, Cyberfemminismo e gender digital divide /
Na minha lista:
| Autor Corporativo: | |
|---|---|
| Formato: | Livro |
| Idioma: | Língua italiana |
| Publicado em: |
[Bologna] :
Technedonne,
[2007]
|
| Tags: |
Sem tags, seja o primeiro a adicionar uma tag!
|
MARC
| LEADER | 00000nam a22000007ib4500 | ||
|---|---|---|---|
| 001 | IT\ICCU\UBO\3251558 | ||
| 003 | ItRI | ||
| 005 | 20260115232442.0 | ||
| 008 | 070718s2007 it |||||| ||||| |||||c | ||
| 040 | |b ita |c importazione bologna sebina | ||
| 041 | 7 | |a ita |2 ISO-639-2 | |
| 110 | 2 | |a Technedonne |0 IT\ICCU\UBOV\168643 |4 aut | |
| 245 | 0 | 0 | |a Visioni, |p Cyberfemminismo e gender digital divide / |c Technedonne. |
| 246 | 1 | 3 | |a Cyberfemminismo e gender digital divide. |9 IT\ICCU\UBO\3253270 |
| 260 | |a [Bologna] : |b Technedonne, |c [2007] | ||
| 300 | |a 144 p. ; |c 16x16 cm | ||
| 500 | |a Sulla cop.: Unione europea, Fondo sociale europeo; Ministero del lavoro e della previdenza sociale, Divisione generale per le politiche per l'orientamento e la formazione; Equal iniziativa comunitaria; Regione Emilia-Romagna | ||
| 500 | |a Descrizione della cop. | ||
| 773 | 0 | |w IT\ICCU\UBO\3251552 |t Visioni ed azioni di donne in Rete |g 1 |a Technedonne |0 IT\ICCU\UBOV\168643 | |
| 791 | 2 | |a Orlando (associazione) |3 IT\ICCU\RMSV\732867 |y Technedonne | |
| 942 | |2 ddc |c BK |n 0 | ||
| 952 | |0 0 |1 0 |4 0 |6 DOC_004_000000000000000_TEC |7 0 |9 25999 |a BO |b BO |d 2026-01-15 |i 11089 |l 0 |o DOC 004 TEC |p BO11089 |r 2026-01-15 23:24:42 |w 2026-01-15 |x [Sebina 5] [v. 1] |y BK |z v. 1 | ||
| 999 | |c 22026 |d 22026 | ||